000
00431nam a22001697a 4500
003
MPLRDC
005
20220104114250.0
008
210129b ||||| |||| 00| 0 eng d
082
_a
855 ZZQ
100
_a
朱自清、徐志摩等著
245
_a
你最喜爱的散文
_c
260
_a
_b
龙和出版有限公司
_c
1988
300
_b
平
490
_a
散文集粹
650
_a
散文;随笔、日记
942
_c
BK
_o
855 ZZQ
999
_c
6140
_d
6130